Statistiche per Monumenti più famosi al mondo

Clicka qui per fare il quiz!

Statistiche generali

  • Questo quiz è stato fatto 81 volte
  • Il punteggio medio è 14 su 34

Statistiche sulle risposte

NAZIONEMONUMENTO% Corretto
ITALIACOLOSSEO
98%
EGITTOPIRAMIDE DI GIZA
85%
CITTÀ DEL VATICANOBASILICA DI SAN PIETRO
80%
FRANCIATORRE EIFFEL
80%
CINAGRANDE MURAGLIA
78%
ITALIADUOMO DI MILANO
74%
ITALIATORRE DI PISA
71%
INDIATAJ MAHAL
68%
SPAGNASAGRADA FAMILIA
65%
EGITTOSFINGE
62%
PERUMACHU PICCHU
60%
GIORDANIAPETRA
57%
GRECIAPARTENONE
54%
ITALIAPIAZZA SAN MARCO
45%
FRANCIAARCO DI TRIONFO
43%
EMIRATI ARABI UNITIBURJ KHALIFA
42%
RUSSIACREMLINO
40%
FRANCIACATTEDRALE NOTRE DAME
34%
ITALIAFONTANA DI TREVI
34%
ARABIA SAUDITAKAABA DI LA MECCA
32%
ITALIASANTA MARIA DEL FIORE
32%
DANIMARCASIRENETTA
29%
GERMANIAPORTA DI BRANDEBURGO
28%
RUSSIAPIAZZA ROSSA
25%
MESSICOCHICHEN ITZA
23%
AUSTRALIATEATRO DELL'OPERA DI SYDNEY
22%
ITALIAALTARE DELLA PATRIA
17%
FRANCIAREGGIA DI VERSAILLES
17%
REP. CECATORRE DELL'OROLOGIO
15%
CINACITTÀ PROIBITA
14%
ISRAELECUPOLA D'ORO
3%
AUSTRIAPALAZZO DI SCHONBRUNN
3%
UNGHERIAPARLAMENO
3%
ITALIAPONTE DI RALTO
0%

Distribuzione punteggi

Percentile per numero di risposta

Percentuale di utenti per punteggio

I tuoi punteggi nel tempo

Non hai fatto questo quiz